MDQL
is popping MORE tags! Check the
thread
!
Quizzes
Events
Quiz Creation
Community
Videos
Private Events
Remove Ads
Sign In
Join for FREE
Feedback
Dark Mode
Quiz Categories
Sports
Geography
Music
Movies
Television
Just For Fun
Miscellaneous
History
Literature
Language
Science
Gaming
Entertainment
Religion
Holiday
For Kids
Quiz Lab
Recent
Popular Today
Quiz Kudos Today
Editor Picks
Curator Picks
Quizzes by...
Day
Popularity
Type
Ratings
Length
Year
Community
Subscriptions
Recent Discussions
Orange Saloon
Badges
Playlists
Quests
Create
Leaderboards
Showdown
Live 5
Trivia Bingo
Activity
Puzzle Library
Sporcle Events
Private Events
Virtual Trivia
Globe League
Become a Host
Pub Owners
SporcleCon
Opinionation
Our Games
Videos
Blog
Mobile Apps
Partnerships
Remove Ads and Go Orange
Feedback
Sports
Athletes
MLB
NBA
NHL
NFL
Soccer
Sports Teams
WWE
NCAA
Football
Premier League
Basketball
Baseball
Hockey
Golf
Tennis
Cricket
Rugby
Auto Racing
Olympics
World Cup
Sports
Athletes
MLB
NBA
NHL
NFL
Soccer
Sports Teams
WWE
NCAA
Football
Premier League
Basketball
Baseball
Hockey
Golf
Tennis
Cricket
Rugby
Auto Racing
Olympics
World Cup
Random Quiz
Search Sporcle
×
Quiz Lab
Quiz Lab
Sports
Baseball
Type in answers that appear in a list
Type in answers that appear in a list
Classic
Best Score? Go Orange.
MLB Teams Top Players (All-Time) Stats
Can you name the best player in each given catagory, for each MLB team?
By
Bdogrox2
17m
50 Questions
143 Plays
143 Plays
143 Plays
Comments
Comments
Give Quiz Kudos
Give Quiz Kudos
-
- Ratings
hide this ad
Replay
Link that replays current quiz
Next Quiz
Link to next quiz in quiz playlist
You Got
0%
They Got
Avg Score
33%
Avg Friend Score
Upgrade to see
Score Distribution
Jump to the score distribution portion of the page
Score
0/50
Timer
17:00
0
Plays Today
% Correct
Hank Aaron
71.3%
Hank Aaron
71.3%
Hank Aaron
71.3%
Ted Williams
61.5%
Randy Johnson
54.5%
Randy Johnson
54.5%
Roger Clemens...
52.4%
Pete Rose
51%
Pete Rose
51%
Cal Ripken, Jr.
50.3%
Cal Ripken, Jr.
50.3%
Cal Ripken, Jr.
50.3%
Ernie Banks
46.9%
Johnny Bench
46.2%
Luis Gonzalez
43.4%
Luis Gonzalez
43.4%
Luis Gonzalez
43.4%
Ty Cobb
42.7%
Carl Yastrzemski
42%
Carl Yastrzemski
42%
Sammy Sosa
40.6%
Frank Thomas
39.9%
Al Kaline
39.2%
Al Kaline
39.2%
Todd Helton
38.5%
% Correct
Todd Helton
38.5%
Todd Helton
38.5%
Roger Clemens
37.1%
Jim Thome
34.3%
John Smoltz
32.2%
Jim Palmer
31.5%
Jim Palmer
31.5%
Bob Feller
25.9%
Bob Feller
25.9%
Warren Spahn
25.2%
Fergie Jenkins
23.8%
Nap Lajoie
17.5%
Cap Anson
16.8%
Luke Appling
15.4%
Luke Appling
15.4%
Aaron Cook
9.1%
Ted Lyons
4.9%
Jim Maloney
4.9%
Eppa Rixey
4.2%
4.2%
4.2%
Charlie Root
3.5%
Pedro Astacio
2.8%
Billy Pierce
2.1%
Terry Turner
0.7%
Quiz Playlist
Details
Report
Send in Message
Add To Playlist
Classic:
Type in answers that appear in a list
Last Updated: Feb 16, 2017
Quiz Scoreboard
CHALLENGE
Sign Up to Join the Scoreboard
Show All
Scores
Hide
Comments
May contain spoilers
Recently Published
1-10 Letter E Words III
by El_Dandy
Language
2m
Street Fighter Characters
by Artimus82
Gaming
60s
College Basketball Coaching Resumes
by pancakes188
Sports
9m
More to Explore
Quiz From the Vault
Featured Blog Post
Where Did the Easter Bunny Come From?
hide this ad
You Might Also Like...
Tags
Baseball Quiz
MLB Quiz
Category
Player
team
Today's Top Quizzes in Sports
Browse Sports
hide this ad
Today's Top Quizzes in Baseball
Browse Baseball
Top Contributed Quizzes in Sports
1
2022 World Cup Stars
2
Les meilleurs buteurs des matchs entre le PSG et l’OM
3
FIFA Club World Cup Champions
4
Les entraîneurs de l'OM et du PSG au 21e siècle
5
Criteria MLB: Left Handed Sluggers
6
2023 MLB Unique Player Accomplishments
7
AFC Teams Reveal (Wrong Answers Minefield)
8
Players with Multiple 50 Home Run Seasons
9
5-to-1: FBS Animal Nicknames
10
5-to-1: UK Sports Teams
Explore More
Trending Topics
Marvel
Kpop
Harry Potter
Crossword
Disney
NBA
Anime
NFL
WWE
Puzzle
Soccer
Song
The Office
Country
Pokémon
hide this ad
More By:
Bdogrox2
Quiz
Plays
Rating
Category
Featured
Created
NBA +50% H-O-F Probability (Active) [Clickable Mines]
180,009
2.83
Sports
Apr 7, 2012
NBA Most Top 5 Finishes (Points)
72,484
4.74
Sports
Aug 18, 2015
Champions From The Last 25 Years
34,046
4.20
Sports
Jul 1, 2010
NBA +99.99% H-O-F Probability (Clickable Minefield)
31,272
2.13
Sports
Apr 8, 2012
MLB $125M+ Career Salary (Clickable Quiz)
17,680
4.07
Sports
Apr 8, 2012
Go to Creator's Profile
Score Distribution
Quiz Creator Spotlight
Bdogrox2
Follow
Send a Message
Quizzes Created
-
Created Quiz Play Count
-
More By This Creator
Popular Quizzes Today
1
Find the US States - No Outlines Minefield
2
Find the Countries of Europe - No Outlines Minefield
3
The Countries of the World
4
Find the US States
5
Risky Map Clicking: Biggest States A-Z
6
US States
7
Popular People in 1961
8
Movies - When Are They Set?
More Sports Quizzes
Cricket double centuries
Quiz Lab
Trending Quizzes
Risky Map Clicking: Least Populous States A-Z
1-10 Letter G Words
1-10 Letter F Words
Countries of the World: 200 Million BC
Risky Map Clicking: Next State Alphabetically
Recently Updated
Most Oscar Losses (Acting)
pecheneg
Beyoncé Albums
pecheneg
Leaping Animals
pecheneg
Reality TV Shows (A-Z)
bhenderson79
Rickey Henderson's Hall of Fame Teammates
pecheneg
Champions League XIs: Arsenal
pecheneg
Quick Pick: Celebrities in WWE's Hall of Fame
aduchscher
A-Z Keypad Blitz II
pecheneg
Multiple Oscar Actors
pecheneg
Mystery Phrase Blitz: Oscar 'Best Actors'
pecheneg
Trending Topics
Kpop
Anime
Disney
Harry Potter
Marvel
NBA
Crossword
Soccer
Song
WWE
NFL
Country
Pokémon
Puzzle
The Office
Your Account Isn't Verified!
In order to create a playlist on Sporcle, you need to verify the email address you used during registration. Go to your
Sporcle Settings
to finish the process.
Report this User
Report this user for behavior that violates our
Community Guidelines
.
Details:
Send Report
Go to the Sporcle.com Mobile Site →
Comments